Estatísticas para Bairros da Ilha do Governador RJ

Clique aqui para jogar o quiz

Estatísticas Gerais

  • Esse quiz foi jogado 28 vezes
  • A pontuação média é 8 de 13

Estatísticas das Respostas

HintResposta% Correto
4Galeão
90%
2Cocotá
86%
9Portuguesa
76%
13Zumbi
76%
6Jardim Guanabara
71%
11Ribeira
71%
1Cacuia
57%
3Freguesia
57%
5Jardim Carioca
57%
10Praia da Bandeira
52%
7Moneró
48%
12Tauá
48%
8Pitangueiras
43%

Distribuição das Pontuações

Percentil de Números Respondidos

Porcentagem de Pessoas com Cada Pontuação

Sua Pontuação Histórica

Você não jogou esse quiz